| 000 | 01460nam a2200349 c 4500 | ||
|---|---|---|---|
| 003 | BLK | ||
| 005 | 20240712113200.0 | ||
| 008 | 180408b bul|||||r ||||||| ||bul|| | ||
| 010 | _aKNG00086741000 | ||
| 020 |
_a978-954-585-970-0 _bиздат.: Бард |
||
| 040 | _aBLK | ||
| 041 |
_aBUL _cBUL |
||
| 080 |
_aАнглийска литература _b821.111 _x-312.9 _z821.111-312.9 |
||
| 100 |
_aКларк, Артър Чарлс _d1917 - 2008 _9243603 |
||
| 700 | 1 |
_aБакстър, Стивън _eсъавт. _9366646 |
|
| 700 | 1 |
_aСтойнов, Юлиян _eпрев. от англ. _9363374 |
|
| 139 |
_aКларк, Артър Чарлс и др. _bК 63 |
||
| 245 | 1 | 0 |
_aПървородните _cАртър Чарлс Кларк; съавт. Стивън Бакстър; прев. от англ. Юлиян Стойнов. |
| 257 | _aGBR | ||
| 260 |
_аСофия _bБард _c2008 |
||
| 300 |
_a448 с. _c20 см |
||
| 380 | _aX | ||
| 490 | 1 | _aИзбрана световна фантастика | |
| 490 | 1 |
_3Подсерия _aФантастика _v152 |
|
| 500 | _aОриг. загл. Firstborn / Arthur C. Clarke, Stephen Baxter. - Кн. последна от поредицата Една одисея във времето | ||
| 852 | _aЦб 222552 | ||
| 856 | 4 |
_qpdf _u |
|
| 856 | 4 |
_qpdf _u |
|
| 942 |
_cKNG _n0 _04 |
||
| 944 |
_aCR _c03.12.2008 _lГеновева Генчева _k30560 |
||
| 944 |
_aED _c03.12.2008 _lф / _k |
||
| 999 |
_c82219 _d82219 |
||